Establishment of fabric and sewing materials shop in Barangay Sampaloc, Tanay, Rizal / (Record no. 72991)

MARC details
000 -LEADER
fixed length control field 01223nam a22002897i 4500
003 - CONTROL NUMBER IDENTIFIER
control field URS
005 - DATE AND TIME OF LATEST TRANSACTION
control field 20240412231311.0
008 - FIXED-LENGTH DATA ELEMENTS--GENERAL INFORMATION
fixed length control field 170113b xxu||||| |||| 00| 0 eng d
050 14 - LIBRARY OF CONGRESS CALL NUMBER
Classification number HD9869.F32
Item number C8174 2015
245 00 - TITLE STATEMENT
Title Establishment of fabric and sewing materials shop in Barangay Sampaloc, Tanay, Rizal /
Statement of responsibility, etc. Cherri Lou T. Corpuz, Michael Jhon Ranier D.G. Figueroa, Rhenmae Marie A. Rapada, Kimberly P. Recodo
260 #1 - PUBLICATION, DISTRIBUTION, ETC.
Date of publication, distribution, etc. 2015.
300 ## - PHYSICAL DESCRIPTION
Extent xxi, 154 leaves :
Other physical details illustrations ;
Dimensions 28 cm
336 ## - CONTENT TYPE
Source rdacontent
Content type term text
337 ## - MEDIA TYPE
Source rdamedia
Media type term unmediated
338 ## - CARRIER TYPE
Source rdacarrier
Carrier type term volume
502 ## - DISSERTATION NOTE
Dissertation note Feasibility study
Degree type Bachelor of Science in Business Administration
Name of granting institution University of Rizal System-Tanay
Year degree granted 2015
504 ## - BIBLIOGRAPHY, ETC. NOTE
Bibliography, etc. note Includes bibliographical references
650 #0 - SUBJECT ADDED ENTRY--TOPICAL TERM
Topical term or geographic name entry element Fabric shops
Geographic subdivision Philippines
-- Tanay (Rizal)
650 #0 - SUBJECT ADDED ENTRY--TOPICAL TERM
Topical term or geographic name entry element Sewing
General subdivision Equipment and supplies
700 1# - ADDED ENTRY--PERSONAL NAME
Personal name Corpuz, Cherri Lou T.
Relator term author
700 1# - ADDED ENTRY--PERSONAL NAME
Personal name D.G. Figueroa, Michael Jhon Ranier
Relator term author
700 1# - ADDED ENTRY--PERSONAL NAME
Personal name Rapada, Rhenmae Marie A.
Relator term author
700 1# - ADDED ENTRY--PERSONAL NAME
Personal name Recodo, Kimberly P.
Relator term author
700 1# - ADDED ENTRY--PERSONAL NAME
Personal name Dizon, Ailey B.
Relator term adviser
856 ## - ELECTRONIC LOCATION AND ACCESS
Materials specified Online Request for Student Unpublished Works
Uniform Resource Identifier <a href="https://forms.gle/7LqvGGkaDrUQqz429">https://forms.gle/7LqvGGkaDrUQqz429</a>
942 ## - ADDED ENTRY ELEMENTS (KOHA)
Source of classification or shelving scheme Library of Congress Classification
Koha item type Theses and dissertations

No items available.

University of Rizal System
Email us at univlibservices@urs.edu.ph

Visit our Website www.urs.edu.ph/library